Workouts in intermediate microeconomics / (Record no. 8014)
[ view plain ]
| 000 -LEADER | |
|---|---|
| fixed length control field | 00684nac a22002411u 4500 |
| 003 - CONTROL NUMBER IDENTIFIER | |
| control field | OSt |
| 005 - DATE AND TIME OF LATEST TRANSACTION | |
| control field | 20151007153957.0 |
| 008 - FIXED-LENGTH DATA ELEMENTS--GENERAL INFORMATION | |
| fixed length control field | 151007b xxu||||| |||| 00| 0 eng d |
| 020 ## - INTERNATIONAL STANDARD BOOK NUMBER | |
| International Standard Book Number | 0393928810 |
| 040 ## - CATALOGING SOURCE | |
| Language of cataloging | eng |
| 082 00 - DEWEY DECIMAL CLASSIFICATION NUMBER | |
| Classification number | 338.5 |
| Item number | BER |
| 100 ## - MAIN ENTRY--PERSONAL NAME | |
| Personal name | Bergstrom, Theodore C. |
| 245 10 - TITLE STATEMENT | |
| Title | Workouts in intermediate microeconomics / |
| Statement of responsibility, etc | Theodore C. Bergstrom, Hal R. Varian. |
| 250 ## - EDITION STATEMENT | |
| Edition statement | 7th ed. |
| 260 ## - PUBLICATION, DISTRIBUTION, ETC. (IMPRINT) | |
| Place of publication, distribution, etc | New York : |
| Name of publisher, distributor, etc | W.W. Norton,2006 |
| Date of publication, distribution, etc | 2006. |
| 300 ## - PHYSICAL DESCRIPTION | |
| Extent | 548, 17p. : |
| Other physical details | ill. ; |
| Dimensions | 28 cm. |
| 500 ## - GENERAL NOTE | |
| General note | distributer: Baccah |
| 511 ## - PARTICIPANT OR PERFORMER NOTE | |
| Participant or performer note | catalogued by: wessam |
| 650 #0 - SUBJECT ADDED ENTRY--TOPICAL TERM | |
| Topical term or geographic name as entry element | Microeconomics. |
| Source of heading or term | BUEsh |
| 651 ## - SUBJECT ADDED ENTRY--GEOGRAPHIC NAME | |
| Source of heading or term | BUEsh |
| 700 1# - ADDED ENTRY--PERSONAL NAME | |
| Personal name | Varian, Hal R. |
| 942 ## - ADDED ENTRY ELEMENTS (KOHA) | |
| Call number prefix | 338.5BER |
| Source of classification or shelving scheme | Dewey Decimal Classification |
| Withdrawn status | Item status | Source of classification or shelving scheme | Materials specified (bound volume or other part) | Damaged status | Not for loan | Home library | Current library | Shelving location | Date acquired | Source of acquisition | Total Checkouts | Full call number | Barcode | Date last seen | Date last borrowed | Koha item type | Total Renewals |
|---|---|---|---|---|---|---|---|---|---|---|---|---|---|---|---|---|---|
| Lost | Dewey Decimal Classification | Lost In Inventory_18-8-2021 | Central Library | Central Library | First floor | 18/02/2008 | Purchase | 2 | 338.5BER | 000009559 | 04/08/2019 | 30/03/2011 | NB - Book (Non borrowing) | ||||
| Lost | Dewey Decimal Classification | Lost In Inventory_2015-8-23 | Central Library | Central Library | First floor | 18/02/2008 | Purchase | 3 | 338.5BER | 000009558 | 13/10/2011 | 01/09/2008 | Book - Borrowing | 3 | |||
| Dewey Decimal Classification | Central Library | Central Library | First floor | 18/02/2008 | Purchase | 14 | 338.5BER | 000009596 | 15/07/2025 | 01/10/2024 | Book - Borrowing | 26 |